| 000 | 00543nam a2200193 a 4500 | ||
|---|---|---|---|
| 005 | 20210219152858.0 | ||
| 008 | 991125n 000 0 spa u | ||
| 035 | _aUPN01000064866 | ||
| 100 | _aARES ARECES, Gilda | ||
| 222 | _aEDUCACION (CUBA) | ||
| 245 | _aLas artes plásticas: en la relación intermaterias | ||
| 300 | _a74-80 | ||
| 362 | _a1987 Año 17, no. 65, abr.-jun. | ||
| 653 | 0 | _aCALIDAD EDUCATIVA | |
| 653 | 0 | _aEDUCACION ARTISTICA | |
| 653 | 0 | _aPROCESO ENSEÑANZA-APRENDIZAJE | |
| 904 |
_aAC _b002677 |
||
| 905 | _aArticulo | ||
| 999 |
_c62784 _d62784 |
||